Private market financing for developing countries
Gespeichert in:
| Format: | Buch |
|---|---|
| Sprache: | Englisch |
| Veröffentlicht: |
Washington
IMF
1995
|
| Schriftenreihe: | World economic and financial surveys
|
| Schlagworte: | |
| Tags: |
Keine Tags, Fügen Sie das erste Tag hinzu!
|
MARC
| LEADER | 00000nam a2200000 4500 | ||
|---|---|---|---|
| 001 | c021512 | ||
| 005 | 20240111124714.6 | ||
| 020 | |a 1-55775-526-4 | ||
| 041 | 0 | |a eng | |
| 044 | |a US | ||
| 245 | 1 | 0 | |a Private market financing for developing countries |c prepared by a staff team in the Policy Development and Review Department |
| 264 | 1 | |a Washington |b IMF |c 1995 | |
| 300 | |a 89 s. | ||
| 490 | 1 | |a World economic and financial surveys | |
| 830 | 0 | |a World economic and financial surveys | |
| 610 | 2 | 0 | |a trh finančný |
| 610 | 2 | 0 | |a financovanie |
| 610 | 2 | 0 | |a krajiny rozvojové |
| 610 | 2 | 0 | |a sektor súkromný |
| 610 | 2 | 0 | |a kapitál |
| 610 | 2 | 0 | |a politika finančná |
| 610 | 2 | 0 | |a banky |
| 610 | 2 | 0 | |a dlhy |
| 610 | 2 | 0 | |a reštrukturalizácia |
| 610 | 2 | 0 | |a obligácie |
| 610 | 2 | 0 | |a obmedzenie dovozu |
| 610 | 2 | 0 | |a trh kapitálový |
| 610 | 2 | 0 | |a trh vnútorný |
| 610 | 2 | 0 | |a reformy |
| 610 | 2 | 0 | |a privatizácia |
| 610 | 2 | 0 | |a krajiny rozvojové |
| 610 | 2 | 0 | |a ceny |
| 610 | 2 | 0 | |a aktíva |
| 610 | 2 | 0 | |a investori |
| 610 | 2 | 0 | |a sektor verejný |
| 610 | 2 | 0 | |a manažment |
| 610 | 2 | 0 | |a makroekonomika |
| 610 | 2 | 0 | |a pôžičky |
| 610 | 2 | 0 | |a údaje štatistické |
| 610 | 2 | 0 | |a porovnanie štatistické medzinárodné |